| 000 | 00704cam a22002293a 4500 | ||
|---|---|---|---|
| 001 | 13906 | ||
| 003 | PGUSA | ||
| 005 | 20140828083310.0 | ||
| 008 | 041031s2004||||xxu|||||s|||||000 | eng d | ||
| 040 |
_aPGUSA _beng |
||
| 042 | _adc | ||
| 050 | 4 | _aRG | |
| 100 | 1 | _aBarrett, Florence Elizabeth Perry, Lady | |
| 245 | 1 | 0 |
_aConception Control and Its Effects on the Individual and the Nation _h[electronic resource] / _cFlorence Elizabeth Perry, Lady Barrett |
| 260 |
_bProject Gutenberg, _c2004 |
||
| 506 | _aPublic domain in the USA. | ||
| 516 | _aElectronic text | ||
| 653 | _aContraception | ||
| 830 | 0 |
_aProject Gutenberg _v13906 |
|
| 856 | 4 | 0 | _uhttp://www.gutenberg.org/ebooks/13906 |
| 942 | _cEB | ||
| 999 |
_c243161 _d243161 |
||